00242nam a2200097Ia 4500001000800000005001700008008004100025020001800066245004100084260001900125127237220260417151427.0260417s9999 xx 000 0 und d a9786255998750 0aOrmanın GizemicTuğba Hatun Murat bKetebe Çocuk